Systém monitoringu kreditného rizika u firemných klientov banky diplomová práca

Enregistré dans:
Détails bibliographiques
Auteur principal: Ježová, Dagmara
Collectivité auteur: Fakulta podnikového manažmentu EU. Katedra podnikových financií
Autres auteurs: Kubranová, Magdaléna, 1956-
Format: Livre
Langue:slovaque
Publié: Bratislava 2009
Tags: Ajouter un tag
Pas de tags, Soyez le premier à ajouter un tag!

MARC

LEADER 00000nam$a2200000$$$4500
001 0101414
005 20240319124638.7
041 0 |a slo 
044 |a SK 
245 1 0 |a Systém monitoringu kreditného rizika u firemných klientov banky  |b diplomová práca  |c Dagmara Ježová ; škol. Magdaléna Kubranová 
264 1 |a Bratislava  |c 2009 
300 |a 89 s. 
100 1 |a Ježová, Dagmara 
700 1 |a Kubranová, Magdaléna, 1956- 
710 2 |a Fakulta podnikového manažmentu EU. Katedra podnikových financií